[Event "It (open) (a)"]
[Site "?"]
[Date "2005.07.28"]
[Round "7"]
[White "Furman Boris"]
[Black "Pokorna Regina"]
[Result "1/2-1/2"]
[WhiteElo "2288"]
[BlackElo "2377"]
[PlyCount "58"]
[EventDate "2005.??.??"]
[Source "www.chesslib.no"]
[SourceDate "2004.05.04"]

1. d4 d5 2. c4 e5 3. dxe5 d4 4. Nf3 Nc6 5. a3 Bg4 6. Nbd2 Qe7 7. h3 Bh5 8. Qa4
O-O-O 9. b4 Kb8 10. Bb2 f6 11. exf6 gxf6 12. O-O-O Bh6 13. g4 Bf7 14. b5 Ne5
15. Bxd4 Rxd4 16. Nxd4 Nxc4 17. e3 Nb6 18. Qb4 Qe8 19. Nc2 Ne7 20. Ne4 Ned5 21.
Qd4 Rf8 22. Nc3 Nxc3 23. Qxc3 Bd5 24. Rg1 Qf7 25. Nd4 Re8 26. Bg2 Bc4 27. Bf1
Bd5 28. Bg2 Bc4 29. Bf1 Bd5 1/2-1/2

[Event "Moscow RUS"]
[Site "?"]
[Date "2005.02.18"]
[Round "4"]
[White "Dyachkov Sergej"]
[Black "Kanep Meelis"]
[Result "1-0"]
[WhiteElo "2549"]
[BlackElo "2476"]
[PlyCount "69"]
[EventDate "2005.??.??"]
[Source "www.chesslib.no"]
[SourceDate "2004.05.04"]

1. d4 d5 2. c4 e5 3. dxe5 d4 4. Nf3 Nc6 5. a3 a5 6. Nbd2 a4 7. b4 axb3 8. Nxb3
Be6 9. Nbxd4 Nxd4 10. Qxd4 Qxd4 11. Nxd4 Bxc4 12. Bb2 Ra4 13. e3 Bxf1 14. Rxf1
Bc5 15. Nb5 c6 16. Nc3 Rc4 17. Ke2 Ne7 18. Rfd1 Nc8 19. a4 Ke7 20. a5 Ke6 21.
f4 Bb4 22. Rd3 Na7 23. Kf3 Bxc3 24. Bxc3 Nb5 25. Be1 f6 26. exf6 gxf6 27. Rad1
Re8 28. g4 Kf7 29. Bh4 Ra4 30. Rd7+ Re7 31. g5 fxg5 32. Bxg5 Rxd7 33. Rxd7+ Kg6
34. Bd8 Ra3 35. Bb6 1-0

[Event "Playchess"]
[Site "?"]
[Date "2005.04.30"]
[Round "?"]
[White "Shipov Sergei"]
[Black "Short Nigel D"]
[Result "0-1"]
[WhiteElo "2588"]
[BlackElo "2673"]
[PlyCount "100"]
[EventDate "2005.??.??"]
[Source "www.chesslib.no"]
[SourceDate "2004.05.04"]

1. d4 d5 2. c4 e5 3. Nc3 dxc4 4. Nf3 exd4 5. Qxd4 Qxd4 6. Nxd4 Bc5 7. Ndb5 Na6
8. Bf4 c6 9. Nd6+ Bxd6 10. Bxd6 Be6 11. O-O-O Nf6 12. e4 O-O-O 13. f3 Nd7 14.
Be2 f6 15. Rd2 Ndc5 16. Rhd1 b5 17. g4 b4 18. Nb1 Rd7 19. Bxc5 Nxc5 20. Rxd7
Nxd7 21. Rd6 Re8 22. Bxc4 Bxc4 23. Rxc6+ Kb7 24. Rxc4 a5 25. Nd2 Ne5 26. Rd4
Kc6 27. Kd1 g5 28. Ke2 h5 29. h3 hxg4 30. hxg4 Rh8 31. Rd5 Rh2+ 32. Ke3 a4 33.
a3 bxa3 34. bxa3 Rh3 35. Kf2 Rh2+ 36. Ke3 Rh3 37. Ra5 Nxg4+ 38. Kd4 Kb6 39. Rf5
Nh2 40. Rxf6+ Kb5 41. Rf5+ Kc6 42. e5 g4 43. fxg4 Nxg4 44. Nc4 Rh1 45. Rg5 Rd1+
46. Kc3 Nf2 47. Kb4 Nd3+ 48. Kxa4 Rb1 49. e6 Nc5+ 50. Ka5 Rb5# 0-1

[Event "TCh-SWE Elitserien 2004-5"]
[Site "?"]
[Date "2005.02.26"]
[Round "8"]
[White "Johannessen Leif Erlend"]
[Black "Hector Jonny"]
[Result "1/2-1/2"]
[WhiteElo "2516"]
[BlackElo "2516"]
[PlyCount "61"]
[EventDate "2005.??.??"]
[Source "www.chesslib.no"]
[SourceDate "2004.05.04"]

1. d4 d5 2. c4 e5 3. dxe5 d4 4. Nf3 Nc6 5. a3 Be6 6. Nbd2 Nge7 7. g3 Ng6 8. Bg2
Be7 9. b4 O-O 10. O-O Rb8 11. Bb2 Ngxe5 12. b5 Nxf3+ 13. Nxf3 Na5 14. Nxd4 Nxc4
15. Nxe6 Qxd1 16. Rfxd1 fxe6 17. Bd4 Nxa3 18. Bxa7 Rbd8 19. Rxd8 Rxd8 20. b6
cxb6 21. Bxb6 Rd7 22. Rc1 Kf7 23. h4 Nb5 24. h5 Bf6 25. Bf3 Nd4 26. Bxd4 Bxd4
27. e3 Ba7 28. Rb1 b6 29. Be4 h6 30. Kf1 Rc7 31. Ke2 1/2-1/2

[Event "Taza MAR, zt 4.1 2005"]
[Site "?"]
[Date "2005.06.24"]
[Round "5"]
[White "Arab Adlane"]
[Black "Belkhodja Slim"]
[Result "1/2-1/2"]
[WhiteElo "2371"]
[BlackElo "2471"]
[PlyCount "26"]
[EventDate "2005.??.??"]
[Source "www.chesslib.no"]
[SourceDate "2004.05.04"]

1. d4 d5 2. c4 e5 3. cxd5 f5 4. Nc3 Be7 5. e4 Nf6 6. exf5 Bxf5 7. Nge2 O-O 8.
Ng3 Bg6 9. Bd3 Qe8 10. Qc2 Bxd3 11. Qxd3 Nbd7 12. O-O Nc5 13. Qc2 h5 1/2-1/2

[Event "Tch (Men) 2005/2006 NED"]
[Site "?"]
[Date "2005.10.15"]
[Round "2"]
[White "Van Beek Lucien"]
[Black "Martens Martin"]
[Result "1-0"]
[WhiteElo "2332"]
[BlackElo "2414"]
[PlyCount "81"]
[EventDate "2005.??.??"]
[Source "www.chesslib.no"]
[SourceDate "2004.05.04"]

1. d4 d5 2. c4 e5 3. dxe5 d4 4. Nf3 Nc6 5. a3 Bg4 6. Nbd2 Qd7 7. b4 Nge7 8. h3
Be6 9. Nb3 Ng6 10. e3 Ncxe5 11. Nxe5 Nxe5 12. Bb2 Nxc4 13. Bxd4 b6 14. Nd2 Nd6
15. Nf3 f6 16. Bd3 Nf5 17. Qc2 c5 18. bxc5 Bxc5 19. Bxc5 Rc8 20. Rb1 Nd6 21.
Bxh7 Rxc5 22. Bg6+ Ke7 23. Qd2 Bd5 24. Rd1 Bb3 25. Rc1 Rhc8 26. O-O Bd5 27. Nd4
Qa4 28. Rxc5 Rxc5 29. e4 Bg8 30. Nf5+ Nxf5 31. Bxf5 Bb3 32. Qe3 Qc4 33. Qg3 g5
34. Qb8 Rc7 35. e5 fxe5 36. Re1 Kf6 37. Bg4 Qc3 38. Qh8+ Rg7 39. Qd8+ Re7 40.
Qh8+ Rg7 41. Re3 1-0

[Event "Tch (Men) 2005/2006 NED"]
[Site "?"]
[Date "2005.12.17"]
[Round "5"]
[White "Bosboom Manuel"]
[Black "Piceu Tom"]
[Result "1-0"]
[WhiteElo "2402"]
[BlackElo "2345"]
[PlyCount "59"]
[EventDate "2005.??.??"]
[Source "www.chesslib.no"]
[SourceDate "2004.05.04"]

1. d4 d5 2. c4 e5 3. dxe5 d4 4. Nf3 Nc6 5. a3 Bg4 6. Bf4 Nge7 7. Nbd2 Ng6 8.
Bg3 Qd7 9. Qc2 O-O-O 10. O-O-O h5 11. h4 Bf5 12. Ne4 f6 13. e3 Ngxe5 14. Nxd4
Bh7 15. Be2 Qe8 16. Nxc6 Rxd1+ 17. Rxd1 Qxc6 18. Rd5 Bg8 19. Rd4 Be7 20. c5 Bh7
21. b4 Qe6 22. Qa4 Rd8 23. Nc3 Nc6 24. Bc4 Qf5 25. Bd3 Qxd3 26. Rxd3 Rxd3 27.
Qb3 Kd7 28. Qc4 a6 29. a4 b6 30. Ne4 1-0

[Event "it (op)"]
[Site "?"]
[Date "2005.10.16"]
[Round "9.6"]
[White "Jankovic Alojzije"]
[Black "Zaja Ivan"]
[Result "1-0"]
[WhiteElo "2446"]
[BlackElo "2466"]
[PlyCount "51"]
[EventDate "2005.??.??"]
[Source "www.chesslib.no"]
[SourceDate "2004.05.04"]

1. d4 d5 2. c4 e5 3. dxe5 d4 4. Nf3 Nc6 5. a3 a5 6. Nbd2 Bg4 7. Nb3 Qe7 8.
Nbxd4 O-O-O 9. e3 f6 10. exf6 Qxf6 11. Qa4 Nge7 12. Be2 Bd7 13. Qc2 g5 14. Bd2
g4 15. Nxc6 Qxc6 16. Nh4 Ng6 17. Nxg6 hxg6 18. Bd3 Qxg2 19. Be4 Bf5 20. Bxf5+
gxf5 21. Qxf5+ Kb8 22. O-O-O Rxh2 23. Rxh2 Qxh2 24. Bxa5 Bd6 25. c5 Rf8 26.
Bxc7+ 1-0

[Event "Capablanca mem Premier I"]
[Site "Havana"]
[Date "2004.05.17"]
[Round "12"]
[White "Bluvshtein, Mark"]
[Black "Perez, Luis M"]
[Result "1-0"]
[WhiteElo "2463"]
[BlackElo "2438"]
[PlyCount "115"]
[EventDate "2004.05.06"]
[Source "Roberto Alvarez"]
[SourceDate "2004.05.24"]

1. d4 d5 2. c4 e5 3. dxe5 d4 4. Nf3 Nc6 5. a3 Be6 6. e3 dxe3 7. Qxd8+ Rxd8 8.
Bxe3 Nge7 9. Nc3 Nf5 10. Nb5 Rd7 11. Rd1 a6 12. Nbd4 Nfxd4 13. Nxd4 Nxe5 14.
Nxe6 fxe6 15. Be2 Be7 16. O-O c5 17. f4 Nc6 18. Bg4 Rxd1 19. Rxd1 Kf7 20. Rd7
Rb8 21. Bf3 Kf8 22. Bg4 Kf7 23. Rc7 Nd4 24. Bf2 Kf8 25. b4 b6 26. Bxd4 cxd4 27.
Bxe6 a5 28. Kf2 axb4 29. axb4 d3 30. Ke3 d2 31. Kxd2 Bxb4+ 32. Kd3 Re8 33. Rf7+
Kg8 34. f5 Bc5 35. Ke4 Kh8 36. Rd7 g6 37. g4 gxf5+ 38. gxf5 Bb4 39. Kd5 Re7 40.
Rd8+ Kg7 41. Rb8 Ba5 42. Ke5 Bc3+ 43. Kd6 Bb4+ 44. Kd5 Ba5 45. Kc6 Kf6 46. Ra8
Bd2 47. Kxb6 Bf4 48. Ra2 Rg7 49. c5 Rg1 50. c6 Rh1 51. h3 Rxh3 52. c7 Bxc7+ 53.
Kxc7 h5 54. Ra6 h4 55. Ba2+ Ke5 56. f6 Rf3 57. f7 h3 58. Rh6 1-0

[Event "ACP Blitz Prelim2"]
[Site "playchess.com INT"]
[Date "2004.04.13"]
[Round "9"]
[White "Zhukova, Natalia"]
[Black "Sagalchik, Gennadij"]
[Result "1-0"]
[WhiteElo "2471"]
[BlackElo "2487"]
[PlyCount "153"]
[EventDate "2004.04.13"]
[Source "ChessBase"]
[SourceDate "2004.05.04"]

1. d4 d5 2. c4 e5 3. dxe5 d4 4. Nf3 Nc6 5. a3 Bg4 6. Bf4 Qe7 7. Nbd2 O-O-O 8.
h3 Bxf3 9. Nxf3 f6 10. e6 Qxe6 11. g4 h5 12. g5 Nge7 13. h4 f5 14. Qd3 Ng6 15.
Bg3 Bd6 16. Bh3 Rhf8 17. O-O Kb8 18. b4 Nf4 19. Bxf4 Bxf4 20. Kg2 g6 21. Rfd1
Rfe8 22. Kf1 Qe4 23. b5 Ne5 24. Qxe4 fxe4 25. Nxd4 Ng4 26. Ne6 Rxd1+ 27. Rxd1
Bd6 28. Bxg4 hxg4 29. c5 Rxe6 30. cxd6 cxd6 31. Kg2 Kc7 32. Kg3 e3 33. fxe3
Rxe3+ 34. Kxg4 Rxa3 35. e4 Ra4 36. Kf4 Ra2 37. h5 gxh5 38. Rh1 Rf2+ 39. Ke3 Rf8
40. Rxh5 Kb6 41. Rh6 Kxb5 42. Rxd6 a5 43. g6 a4 44. g7 Rg8 45. Rd7 b6 46. Kf4
a3 47. Kf5 Kb4 48. Kf6 a2 49. Ra7 Kb3 50. Kf7 Rc8 51. g8=Q Rxg8 52. Kxg8 b5 53.
e5 b4 54. e6 Kb2 55. e7 a1=Q 56. Rxa1 Kxa1 57. e8=Q b3 58. Qa4+ Kb2 59. Kf7 Kc3
60. Qc6+ Kd2 61. Qb5 Kc3 62. Qc5+ Kd3 63. Qb4 Kc2 64. Qc4+ Kb2 65. Ke6 Ka3 66.
Qc3 Ka2 67. Qa5+ Kb1 68. Qe1+ Ka2 69. Qa5+ Kb1 70. Qf5+ Ka2 71. Qd5 Ka3 72. Qd3
Ka2 73. Qc4 Ka1 74. Qa4+ Kb2 75. Kd5 Kc3 76. Qc4+ Kd2 77. Qxb3 1-0

[Event "Bundesliga 2003-4"]
[Site "Bremer"]
[Date "2003.11.22"]
[Round "3"]
[White "Agrest, Evgenij"]
[Black "Sadler, Matthew"]
[Result "1/2-1/2"]
[WhiteElo "2605"]
[BlackElo "2626"]
[PlyCount "44"]
[EventDate "2003.11.01"]
[Source "Roberto Alvarez"]
[SourceDate "2003.12.08"]

1. d4 d5 2. c4 e5 3. dxe5 d4 4. a3 Nc6 5. e3 Be6 6. Nf3 dxe3 7. Qxd8+ Rxd8 8.
Bxe3 Nge7 9. Nc3 Nf5 10. Nb5 Rd7 11. Rd1 Nxe3 12. fxe3 g6 13. Nbd4 Bg7 14. Nxc6
bxc6 15. Be2 c5 16. Kf2 a5 17. b3 Ke7 18. Ng5 Rb8 19. Nxe6 fxe6 20. Rxd7+ Kxd7
21. Rd1+ Ke7 22. Rd3 Bxe5 1/2-1/2

[Event "II Torneo de las Américas"]
[Site "Buenos Aires"]
[Date "2003.08.18"]
[Round "2"]
[White "Vasquez, Rodrigo"]
[Black "Liascovich, Lucas"]
[Result "1-0"]
[WhiteElo "2514"]
[BlackElo "2344"]
[PlyCount "109"]
[EventDate "2003.08.17"]
[Source "Roberto Alvarez"]
[SourceDate "2003.09.01"]

1. d4 d5 2. c4 e5 3. dxe5 dxc4 4. Qa4+ Nc6 5. Nf3 Be6 6. Nc3 Bb4 7. g3 Qd7 8.
Bg2 Nge7 9. O-O Bxc3 10. bxc3 Nxe5 11. Qb4 Nxf3+ 12. Bxf3 O-O 13. Ba3 Rfe8 14.
Rfd1 Nd5 15. Qxb7 Qa4 16. Bxd5 Qxa3 17. Bxe6 fxe6 18. Qxc7 Qxc3 19. Rac1 Qb2
20. Rxc4 Rec8 21. Qd7 Re8 22. Rc7 Qf6 23. Rxa7 Rad8 24. Qa4 Rf8 25. f3 Qc3 26.
Kh1 h6 27. Rad7 Rxd7 28. Qxd7 Qc4 29. Qd2 Ra8 30. Rc1 Qb5 31. Rc2 Ra3 32. Rc8+
Kf7 33. Qc2 Rxf3 34. a4 Rf1+ 35. Kg2 Qb1 36. Rc7+ Kf8 37. Qxb1 Rxb1 38. a5 Ra1
39. Ra7 Ra3 40. h4 h5 41. a6 Ra2 42. Kf3 Ra4 43. e3 e5 44. Ra8+ Ke7 45. Ke2 Ra3
46. Kd2 Kf7 47. a7 e4 48. Kc2 Ra4 49. Kb3 Ra1 50. Kc4 Ra2 51. Kd5 Ra4 52. Ke5
Kg6 53. Kf4 Kf7 54. Rh8 Rxa7 55. Rxh5 1-0

[Event "ch-BEL"]
[Site "Eupen"]
[Date "2003.07.13"]
[Round "9"]
[White "Van der Stricht, Geert"]
[Black "Vandevoort, Pascal"]
[Result "1-0"]
[WhiteElo "2450"]
[BlackElo "2348"]
[PlyCount "55"]
[EventDate "2003.07.05"]
[Source "Roberto Alvarez"]
[SourceDate "2003.07.14"]

1. d4 d5 2. c4 e5 3. dxe5 d4 4. Nf3 Nc6 5. Nbd2 Bg4 6. h3 Bxf3 7. Nxf3 Bb4+ 8.
Bd2 Qe7 9. g3 O-O-O 10. Bg2 Nxe5 11. Nxe5 Bxd2+ 12. Qxd2 Qxe5 13. Qb4 c6 14.
O-O h5 15. Qa3 Kb8 16. b4 f5 17. Rab1 Nf6 18. b5 c5 19. Bxb7 Kxb7 20. Qa6+ Kc7
21. b6+ Kd7 22. bxa7 Ke7 23. Rb7+ Nd7 24. Rfb1 Qe6 25. Rxd7+ Rxd7 26. a8=Q Rxa8
27. Qxa8 Qxe2 28. Qg8 1-0

[Event "II NAO GM"]
[Site "Paris"]
[Date "2003.06.26"]
[Round "7.3"]
[White "Nguyen Chi Minh"]
[Black "Onkoud, Abdelaziz"]
[Result "1-0"]
[WhiteElo "2383"]
[BlackElo "2326"]
[PlyCount "49"]
[EventDate "2003.06.20"]
[Source "Roberto Alvarez"]
[SourceDate "2003.07.07"]

1. d4 d5 2. c4 e5 3. e3 Nc6 4. Nf3 Bg4 5. Qb3 Bxf3 6. gxf3 Bb4+ 7. Bd2 Bxd2+ 8.
Nxd2 exd4 9. cxd5 dxe3 10. fxe3 Qh4+ 11. Kd1 Nce7 12. Qxb7 Rd8 13. Bb5+ Kf8 14.
e4 Qf4 15. Rc1 a6 16. Ba4 Nxd5 17. exd5 Qxa4+ 18. b3 Qd4 19. Rxc7 Qa1+ 20. Kc2
Qxa2+ 21. Kd3 Nh6 22. Rc8 Rxc8 23. Qxc8+ Ke7 24. Re1+ Kf6 25. Ne4+ 1-0

[Event "BEL-ch"]
[Site "?"]
[Date "2003.07.13"]
[Round "9"]
[White "Vanderstricht Geert"]
[Black "Vandevoort Pascal"]
[Result "1-0"]
[WhiteElo "2450"]
[BlackElo "2353"]
[PlyCount "65"]
[EventDate "2003.??.??"]
[Source "www.chesslib.no"]
[SourceDate "2004.05.04"]

1. d4 d5 2. c4 e5 3. dxe5 d4 4. Nf3 Nc6 5. Nbd2 Bg4 6. h3 Bxf3 7. Nxf3 Bb4+ 8.
Bd2 Qe7 9. g3 O-O-O 10. Bg2 Nxe5 11. Nxe5 Bxd2+ 12. Qxd2 Qxe5 13. Qb4 c6 14.
O-O h5 15. Qa3 Kb8 16. b4 f5 17. Rab1 Nf6 18. b5 c5 19. Bxb7 Kxb7 20. Qa6+ Kc7
21. b6+ Kd7 22. bxa7 Ke7 23. Rb7+ Nd7 24. Rfb1 Qe6 25. Rxd7+ Rxd7 26. a8=Q Rxa8
27. Qxa8 Qxe2 28. Qg8 Qe5 29. Rb8 Kd6 30. Rb6+ Ke7 31. Rb8 Kd6 32. Rb6+ Ke7 33.
Rg6 1-0

[Event "POR-ch"]
[Site "?"]
[Date "2003.??.??"]
[Round "9.3"]
[White "Damaso Rui"]
[Black "Cordovil Joao Maria"]
[Result "1-0"]
[WhiteElo "2436"]
[BlackElo "2276"]
[PlyCount "34"]
[EventDate "2003.??.??"]
[Source "www.chesslib.no"]
[SourceDate "2004.05.04"]

1. d4 d5 2. c4 e5 3. dxe5 d4 4. Nf3 Nc6 5. a3 Be6 6. Nbd2 a5 7. Nb3 Bxc4 8.
Nbxd4 Bc5 9. Be3 Nxd4 10. Bxd4 Bxd4 11. Qxd4 Qxd4 12. Nxd4 c6 13. Nf5 Kf8 14.
Nd6 Ba6 15. e4 Ne7 16. Bxa6 Rxa6 17. O-O-O b5 1-0

[Event "RUS-ch sf"]
[Site "?"]
[Date "2003.??.??"]
[Round "1"]
[White "Sushkov Alexey"]
[Black "Afromeev Vladimir"]
[Result "0-1"]
[WhiteElo "2333"]
[BlackElo "2542"]
[PlyCount "24"]
[EventDate "2003.??.??"]
[Source "www.chesslib.no"]
[SourceDate "2004.05.04"]

1. d4 d5 2. c4 e5 3. dxe5 d4 4. Nf3 Nc6 5. Bd2 Bg4 6. Bg5 Qd7 7. Nbd2 h6 8. Bh4
Bxf3 9. Nxf3 Bb4+ 10. Nd2 Nxe5 11. Qb3 Qe6 12. Qxb4 Nd3+ 0-1

[Event "Valoz Cup"]
[Site "?"]
[Date "2003.08.03"]
[Round "7.3"]
[White "Thallinger Harald"]
[Black "Papatheodorou Theodoros"]
[Result "0-1"]
[WhiteElo "2363"]
[BlackElo "2284"]
[PlyCount "70"]
[EventDate "2003.??.??"]
[Source "www.chesslib.no"]
[SourceDate "2004.05.04"]

1. d4 d5 2. c4 e5 3. dxe5 d4 4. Nf3 Nc6 5. a3 Bg4 6. Qb3 Qd7 7. Nbd2 O-O-O 8.
h3 Be6 9. g4 Nge7 10. Bg2 Ng6 11. Ng5 Na5 12. Qb5 Qxb5 13. cxb5 Nxe5 14. f4
Nec4 15. f5 Be7 16. fxe6 Bxg5 17. Nf3 Be3 18. Bxe3 Nxe3 19. Kf2 Nb3 20. Rag1
Rhe8 21. exf7 Re7 22. Kg3 h6 23. Nh4 Rxf7 24. Be4 Nd2 25. Bf5+ Kb8 26. Rd1 Nxd1
27. Rxd1 Nc4 28. Be6 Ne3 29. Bxf7 Nxd1 30. Nf5 d3 31. exd3 Rxd3+ 32. Kf4 g5+
33. Ke5 Rxh3 34. Bh5 Ne3 35. Kf6 Rxh5 0-1

[Event "AUT-chT2M 0203"]
[Site "AUT"]
[Date "2002.10.13"]
[Round "3"]
[White "Krebs, Johann"]
[Black "Reschun, Sascha"]
[Result "1/2-1/2"]
[WhiteElo "2280"]
[BlackElo "2280"]
[PlyCount "34"]
[EventDate "2002.10.11"]
[Source "ChessBase"]
[SourceDate "2002.11.06"]

1. d4 d5 2. c4 e5 3. dxe5 d4 4. Nf3 Nc6 5. a3 Be6 6. Nbd2 Qd7 7. b4 Nge7 8. b5
Nd8 9. Bb2 c5 10. Ne4 Nf5 11. Qc1 Qc7 12. g4 Qa5+ 13. Qd2 Qxd2+ 14. Nexd2 Ne7
15. h3 h5 16. Rg1 a6 17. a4 b6 1/2-1/2

[Event "FIN-chT Champs 0203"]
[Site "Finland"]
[Date "2002.11.16"]
[Round "4"]
[White "Kekki, Petri"]
[Black "Westerinen, Heikki MJ"]
[Result "1/2-1/2"]
[WhiteElo "2304"]
[BlackElo "2362"]
[PlyCount "153"]
[EventDate "2002.09.21"]
[Source "Roberto Alvarez"]
[SourceDate "2003.03.10"]

1. d4 d5 2. c4 e5 3. dxe5 d4 4. Nf3 Nc6 5. a3 Be6 6. Nbd2 Nge7 7. g3 Ng6 8. Bg2
Be7 9. b4 O-O 10. Bb2 Ngxe5 11. Rc1 Bf6 12. Nxe5 Nxe5 13. Ne4 Nxc4 14. Nxf6+
Qxf6 15. Bxd4 Qf5 16. Bxb7 Rad8 17. e3 Qb5 18. Be4 Nxa3 19. Qd2 Nc4 20. Qc3 Nd6
21. Bc6 Qg5 22. Qc5 Qg6 23. O-O a6 24. Qe5 Nc4 25. Qf4 Nd2 26. Rfe1 Nb3 27. Rc3
Nxd4 28. exd4 Qf6 29. Qxf6 gxf6 30. Re4 f5 31. Rf4 Rd6 32. d5 Bxd5 33. Bxd5
Rxd5 34. Rxc7 Rb8 35. Rc6 a5 36. bxa5 Rxa5 37. Rf6 Rbb5 38. Rh6 Kg7 39. Rfh4
Rb1+ 40. Kg2 Re5 41. Rxh7+ Kf6 42. Rf4 Kg6 43. Rh8 Re4 44. Rfh4 Rxh4 45. Rxh4
Rb2 46. Ra4 Rb3 47. Ra6+ f6 48. Ra4 Rc3 49. Rf4 Ra3 50. Rf3 Ra4 51. Kf1 Ra2 52.
Rd3 Rb2 53. Kg2 Ra2 54. Kf3 Ra4 55. Ke3 Re4+ 56. Kf3 Ra4 57. Rd8 Ra3+ 58. Kf4
Ra4+ 59. Ke3 Re4+ 60. Kf3 Ra4 61. h4 Ra3+ 62. Ke2 Rb3 63. f3 Rb2+ 64. Ke3 Rb3+
65. Rd3 Rb5 66. Rd4 Ra5 67. Kf4 Rb5 68. g4 fxg4 69. fxg4 Rb1 70. h5+ Kf7 71.
Rd7+ Ke6 72. Rg7 Rf1+ 73. Ke3 Rh1 74. Kf4 Rf1+ 75. Kg3 Rh1 76. Rh7 Rg1+ 77. Kf4
1/2-1/2

[Event "Staunton CC Albin Theme Invitational"]
[Site "Groningen"]
[Date "2001.09.07"]
[Round "1"]
[White "Van der Wiel, John TH"]
[Black "Ligterink, Gert"]
[Result "1/2-1/2"]
[WhiteElo "2498"]
[BlackElo "2391"]
[PlyCount "91"]
[EventDate "2001.09.07"]
[Source "ChessBase"]
[SourceDate "2001.11.13"]

1. d4 d5 2. c4 e5 3. dxe5 d4 4. Nf3 Nc6 5. a3 Be6 6. e3 dxe3 7. Qxd8+ Rxd8 8.
Bxe3 Nge7 9. Nc3 Ng6 10. Nb5 Rd7 11. Nbd4 Ngxe5 12. Nxe5 Nxe5 13. Nxe6 fxe6 14.
Be2 Be7 15. Rd1 Rxd1+ 16. Kxd1 Kf7 17. Kc2 Rd8 18. Rd1 Rxd1 19. Kxd1 Bf6 20. b4
b6 21. Kc2 Nc6 22. b5 Nd4+ 23. Kd3 Nb3 24. Bd1 Nc5+ 25. Ke2 Be5 26. Bc2 g6 27.
a4 Bd6 28. f4 Kf6 29. g4 e5 30. f5 gxf5 31. Bxf5 h5 32. Bxc5 Bxc5 33. Kf3 h4
34. h3 Kg5 35. Ke4 Bd6 36. Bc8 Kf6 37. Bd7 Kg5 38. Bf5 Kf6 39. Kd5 Kg5 40. Ke4
Kf6 41. Kd5 Kg5 42. c5 bxc5 43. a5 Bf8 44. Kxe5 c4 45. Kd5 Bb4 46. Kxc4 1/2-1/2

[Event "Golden Cleopatra op"]
[Site "Cairo"]
[Date "2001.05.03"]
[Round "2"]
[White "Komarov, Dimitri"]
[Black "Afifi, Assem"]
[Result "1-0"]
[WhiteElo "2539"]
[BlackElo "2326"]
[PlyCount "29"]
[EventDate "2001.05.02"]
[Source "ChessBase"]
[SourceDate "2001.07.03"]

1. d4 d5 2. c4 e5 3. dxe5 dxc4 4. Qxd8+ Kxd8 5. Nc3 c6 6. Bg5+ Kc7 7. O-O-O Ne7
8. Nf3 Be6 9. e4 Ng6 10. Nd4 b5 11. Be3 a6 12. f4 Bc8 13. Be2 Be7 14. g3 Rf8
15. Nf5 1-0

[Event "It, Bibinje CRO"]
[Site "?"]
[Date "2001.??.??"]
[Round "7"]
[White "Bilobrk, F."]
[Black "Levacic, P."]
[Result "0-1"]
[WhiteElo "2370"]
[BlackElo "2380"]
[PlyCount "84"]
[EventDate "2001.??.??"]
[Source "www.chesslib.no"]
[SourceDate "2004.05.04"]

1. d4 d5 2. c4 e5 3. dxe5 d4 4. Nf3 Nc6 5. a3 Bg4 6. Nbd2 Nge7 7. Nb3 Nf5 8.
Qd3 Qd7 9. Bf4 O-O-O 10. Nbd2 Nfe7 11. h3 Bf5 12. e4 dxe3 13. Qxe3 Bg6 14. Be2
Nf5 15. Qc3 Nfd4 16. Bd1 Qf5 17. Nxd4 Qxf4 18. Nxc6 bxc6 19. Bg4+ Kb7 20. g3
Qd4 21. Qxd4 Rxd4 22. Bf3 Be7 23. b4 Bc2 24. b5 a6 25. Bxc6+ Kb6 26. Nf3 Rxc4
27. O-O axb5 28. Bd5 Rc3 29. Nd4 Bg6 30. Rfc1 Rc5 31. Bg2 Rd8 32. Nc6 Re8 33.
Rxc5 Bxc5 34. Nb4 Rxe5 35. Nd5+ Ka5 36. Nxc7 Re2 37. Nd5 Rxf2 38. Kh2 Be4 39.
Nf4 g5 40. Kh1 gxf4 41. Bxe4 fxg3 42. Bg2 f5 0-1

[Event "WJun Women, Athens GRE"]
[Site "?"]
[Date "2001.??.??"]
[Round "6"]
[White "Charkhalashvili, I."]
[Black "Koneru, H."]
[Result "1/2-1/2"]
[WhiteElo "2275"]
[BlackElo "2385"]
[PlyCount "53"]
[EventDate "2001.??.??"]
[Source "www.chesslib.no"]
[SourceDate "2004.05.04"]

1. d4 d5 2. c4 e5 3. dxe5 d4 4. Nf3 Nc6 5. Bf4 Bg4 6. a3 Nge7 7. Nbd2 Ng6 8.
Bg3 Qd7 9. h3 Be6 10. e4 dxe3 11. fxe3 O-O-O 12. Qc2 Bc5 13. Qc3 Rhe8 14. b4
Bf8 15. Be2 f6 16. exf6 gxf6 17. Rd1 Qg7 18. Kf2 Be7 19. Rhg1 Rg8 20. Bh2 Qh6
21. Ne4 Rxd1 22. Bxd1 f5 23. Nf6 Qg7 24. Nd5 Qxc3 25. Nxc3 Bxc4 26. Bc2 Rf8 27.
Rd1 1/2-1/2

[Event "Golden Cleopatra op 4th"]
[Site "Cairo"]
[Date "2000.07.15"]
[Round "5"]
[White "Sundararajan, Kidambi"]
[Black "Afifi, Assem"]
[Result "1-0"]
[WhiteElo "2433"]
[BlackElo "2321"]
[PlyCount "67"]
[EventDate "2000.07.03"]
[Source "ChessBase"]
[SourceDate "2000.09.14"]

1. d4 d5 2. c4 e5 3. dxe5 dxc4 4. Qxd8+ Kxd8 5. Nc3 Bb4 6. Bg5+ f6 7. O-O-O+
Nd7 8. exf6 gxf6 9. Bh4 Bxc3 10. bxc3 b5 11. Nf3 c5 12. e4 Ke8 13. e5 Bb7 14.
e6 Nb6 15. Bg3 Nd5 16. Kc2 Nge7 17. Be2 Nf5 18. Rd2 Ke7 19. Nh4 Nxh4 20. Bxh4
Nb6 21. Rhd1 Bxg2 22. Kc1 Be4 23. Bg3 Kxe6 24. Rd6+ Kf5 25. Bh4 Raf8 26. Rg1 h5
27. Bf1 Bf3 28. Rg3 Be4 29. Re3 Rhg8 30. Bh3+ Kf4 31. Bg3+ Kg5 32. Rxe4 Na4 33.
Kc2 Kg6 34. Bh4 1-0

[Event "HUN-chT2 9900"]
[Site "?"]
[Date "2000.03.05"]
[Round "9"]
[White "Szilagyi Peter"]
[Black "Kadas Gabor"]
[Result "0-1"]
[WhiteElo "2412"]
[BlackElo "2271"]
[PlyCount "56"]
[EventDate "2000.??.??"]
[Source "www.chesslib.no"]
[SourceDate "2004.05.04"]

1. d4 d5 2. c4 e5 3. dxe5 d4 4. Nf3 Nc6 5. Nbd2 Nge7 6. a3 a5 7. Nb3 Ng6 8.
Nbxd4 Ncxe5 9. Bd2 c6 10. Qc2 Bc5 11. Bc3 O-O 12. O-O-O Qe7 13. Nf5 Bxf5 14.
Qxf5 Nxf3 15. gxf3 Bxf2 16. e4 b6 17. e5 Qh4 18. Bd3 Rae8 19. Be4 Re6 20. Rd7
Nf4 21. Kc2 Rg6 22. Rhd1 Rg5 23. Rxf7 Rxf5 24. Rxf5 Be3 25. Rxf8+ Kxf8 26. Bxc6
Ne2 27. Rd7 Nxc3 28. bxc3 Bg5 0-1

[Event "Kaluga op"]
[Site "Kaluga"]
[Date "2000.??.??"]
[Round "?"]
[White "Vilkov, Vladimir"]
[Black "Korolev, Sergei"]
[Result "1-0"]
[WhiteElo "2312"]
[BlackElo "2300"]
[PlyCount "89"]
[EventDate "2000.??.??"]
[Source "www.chesslib.no"]
[SourceDate "2004.05.04"]

1. d4 d5 2. c4 e5 3. e3 dxc4 4. Bxc4 exd4 5. exd4 Bb4+ 6. Nc3 Qe7+ 7. Nge2 Nf6
8. O-O O-O 9. Bg5 c6 10. Qc2 Bd6 11. h3 Be6 12. Bd3 h6 13. Bh4 Nbd7 14. Rfe1
Qd8 15. Ne4 Be7 16. Nf4 Bd5 17. Nxd5 Nxd5 18. Bxe7 Qxe7 19. Nc5 Qd8 20. Nxb7
Qc7 21. Nc5 Nb4 22. Qc3 Nxc5 23. dxc5 Nxd3 24. Qxd3 Rad8 25. Qc3 Rd5 26. Rad1
Qd7 27. Rxd5 Qxd5 28. a3 Rd8 29. b4 a6 30. Re3 Rd7 31. Rg3 g6 32. Qf6 Qd4 33.
Qxc6 Re7 34. Rf3 Re1+ 35. Kh2 Qa1 36. Qf6 Rh1+ 37. Kg3 Qxf6 38. Rxf6 a5 39. b5
Rb1 40. b6 Kf8 41. c6 Rxb6 42. c7 Rxf6 43. c8=Q+ Kg7 44. Qc3 a4 45. Qd4 1-0

[Event "Odessa-ch"]
[Site "Odessa"]
[Date "2000.??.??"]
[Round "?"]
[White "Drozdovskij, Yuri"]
[Black "Bliumberg, Vladislav"]
[Result "1/2-1/2"]
[WhiteElo "2415"]
[BlackElo "2310"]
[PlyCount "31"]
[EventDate "2000.??.??"]
[Source "www.chesslib.no"]
[SourceDate "2004.05.04"]

1. d4 d5 2. c4 e5 3. dxe5 d4 4. Nf3 Nc6 5. Nbd2 Bg4 6. h3 Bxf3 7. Nxf3 Bb4+ 8.
Bd2 Qe7 9. Bxb4 Qxb4+ 10. Qd2 Qxd2+ 11. Kxd2 Nge7 12. e3 dxe3+ 13. Kxe3 Ng6 14.
e6 fxe6 15. Be2 O-O 16. Rhd1 1/2-1/2